000 00752cab a2200229 4500
001 WB3209-09
008 090401t1996 xxu||||| |||| 00| 0 eng d
035 _a(Sirsi) u40163
041 _aeng
245 _aHomeowners mineshafts fears
260 _c1996
350 _a0
490 _aBirmingham Post
_v26 February 1996, 4(1)
520 _aHomeowners blighted by a change in the law are calling for a reversal of the agreement made in 1991 which meant mineshafts up to 20m away appear in building survey searches whereas previously it was 5m.
650 _aBLIGHT
650 _aBUILDING SURVEYS
650 _aMINESHAFTS
650 _aSTOKE ON TRENT
690 _aBUILT ENVIRONMENT-BUILDING INSPECTION
942 _n0
948 _c04/03/1997
999 _c25728
_d25728